000 00755nas a2200253 4500
001 BR9705544
003 BR-BrBNA
005 20231205100647.0
007 ta
008 230509b bl.|||p| |||| 00| 00por d
040 _aBR-BrBNA
_bpor
_cBiblioteca Nacional de Agricultura
041 _a(Pt)
072 _aK10
100 1 _aSilva, M.L. da
100 1 _aMachado, C.C.
245 1 _aInfluencia do diametro e do numero de arvores por hectare no custo de corte do eucalipto
650 _aEucalipto
650 _aSerra Eletrica
650 _aCusto
650 _aDendrometria
773 0 _tRevista Arvore (Brazil)
_xISSN 0100-6762
_g(Jul-Sep 1995), v. 19(3) p. 308-318
_wBR9705544
909 _a202311
_bLúcia
_c55
_dLúcia Elande
942 _2AGRIS
_n0
_cANA
999 _c157298
_d157298